01213nam a2200313 i 450000500170000000700030001700800410002002000150006104000350007604100120011104300120012308200210013510000450015624501890020125000390039026400340042930000700046333600270053333700330056033800280059349000290062150000250065050400420067553400470071765000340076465000310079865000310082970000390086020220317000526.0ta160601s2004 ck a gr 000 0 spa d a9583002763 aCO-BoRNBPbspaerdacCO-BoRNBP0 as-ck--- as-ck---04a320.1 bR68c2231 aRousseau, Jean Jacquesd1712-1778eautor13aEl contrato social bo principios del derecho político J.J. Rousseau, ciudadano de Ginebra cJ.J. Rousseau ; traducción Andegeng-Abeu Alingue; prólogo y notas Victor Florían B. a1a. edición b6a. reimpresión  1aBogotá bPanamericanac2004 a237 páginasbilustraciones y retratos en blanco y negro c20 cm atextobtxt2rdacontent asin mediaciónbn2rdamedia avolumenbnc2rdacarrier aFilosofía & política aIncluye cronología aIncluye datos biográficos del autor tDu contract social : ou du droit politique17aCiencias políticas 2ARMARC17aEstructura social 2ARMARC17aFormas de gobierno2ARMARC1 aAlingue, Andebeng-Abeuetraductor